000 00729nam a2200181Ia 4500
008 100920s9999 xx 000 0 und d
082 _b78935
_a891.43 थ 99
100 _aअवदूत स्वामी गुप्तानंद /संपा. मोहता श्रीलाल.
245 _aनिज आतम मंगल रूप सदा.
260 _bमरूधारा शोध केन्द्र, बीकानेर.
_c1999
300 _a88
_bसाधी
365 _b50
520 _aहिंदी.
630 _aनिज आतम मंगल रूप सदा.
650 _aहिंदी.
730 _aनिज आतम मंगल रूप सदा.
942 _cBOOK
999 _c720058
_d720055